000 00576nam a2200229Ia 4500
003 OSt
005 20221005125516.0
006 a|||||r|||| 00| 0
007 ta
008 221004b |||||||| |||| 00| 0 eng d
024 _a66257
037 _cTextual
040 _aCRL
_cCRL
_beng
041 _2eng
_aeng
082 _aV931:24:N5, J5;1
100 _aScaff Alvin H.
_9119357
245 0 _aPhilippine answer to communism
260 _c1955
650 _aHISTORY
942 _hV931:24:N5, J5;1
_cTEXL
_2cc
999 _c1054238
_d1054238